Countries of South America - Statistics

General Stats
  • This quiz has been taken 33 times
  • The average score is 12 of 14
Answers on the Map
Answers color-coded by a green-red scale on the quiz's map according to % correct below.
 
Answer Stats
Answer % Correct
Argentina
94%
Brazil
94%
Chile
94%
Ecuador
94%
Peru
94%
Venezuela
94%
Bolivia
88%
Colombia
88%
French Guiana
88%
Paraguay
88%
Suriname
88%
Uruguay
88%
Guyana
82%
Falkland Islands
65%
No matching quizzes found
Score Distribution
Percent of People with Each Score
Percentile by Number Answered
Your Score History
You have not taken this quiz